La España vacía : (Record no. 190669)

MARC details
000 -LEADER
campo de control de longitud fija 00996nam a2200301 i 4500
001 - NÚMERO DE CONTROL
campo de control 190669
003 - IDENTIFICADOR DE NÚMERO DE CONTROL
campo de control ES-MaACL
005 - FECHA Y HORA DE LA ÚLTIMA TRANSACCIÓN
campo de control 20240130122112.0
008 - DATOS DE LONGITUD FIJA--INFORMACIÓN GENERAL
campo de control de longitud fija 220429s2016 sp b 001 0 spa
020 ## - NÚMERO INTERNACIONAL ESTÁNDAR DEL LIBRO
Número Internacional Estándar del Libro 978-84-16354-14-6
040 ## - FUENTE DE CATALOGACIÓN
Centro catalogador/agencia de origen SpMaBN
Lengua de catalogación spa
Centro/agencia transcriptor SpMaBN
Normas de descripción rdc
080 ## - NÚMERO DE LA CLASIFICACIÓN DECIMAL UNIVERSAL
Número de la Clasificación Decimal Universal 930.85(460)
100 1# - ENTRADA PRINCIPAL--NOMBRE DE PERSONA
Nombre de persona Molino, Sergio del (
Fechas asociadas al nombre 1979-)
9 (RLIN) 174403
245 13 - MENCIÓN DEL TÍTULO
Título La España vacía :
Resto del título viaje por un país que nunca fue /
Mención de responsabilidad, etc. Sergio del Molino.
250 ## - MENCION DE EDICION
Mención de edición 1ª ed., 6ª reimp.
260 ## - PUBLICACIÓN, DISTRIBUCIÓN, ETC.
Lugar de publicación, distribución, etc. Madrid :
Nombre del editor, distribuidor, etc. Turner,
Fecha de publicación, distribución, etc. 2016.
300 ## - DESCRIPCIÓN FÍSICA
Extensión 292 p. :
Otras características físicas 2 mapas ;
Dimensiones 22 cm.
490 1# - MENCIÓN DE SERIE
Mención de serie Turner noema
500 ## - NOTA GENERAL
Nota general Índice onomástico.
504 ## - NOTA DE BIBLIOGRAFÍA, ETC.
Nota de bibliografía, etc. Bibliografía: p. 261-277.
651 #4 - PUNTO DE ACCESO ADICIONAL DE MATERIA--NOMBRE GEOGRÁFICO
Nombre geográfico España-
Subdivisión general Civilización.
9 (RLIN) 8163
830 1# - PUNTO DE ACCESO ADICIONAL DE SERIE-TÍTULO UNIFORME
Título uniforme Turner noema
9 (RLIN) 225929
852 4# - LOCALIZACIÓN
Ubicación ES-MaACL
Número de control de estantería A-14942
itemnumber 197849
Sublocalización o colección R.152171
Ubicación en estantería Depósito 1
Signatura antigua Olim: N-7942
Donativo/Legado Donación: José C Piera Gil
903 ## - NOMBRE PERSONAL DE DONANTE
9 91922
a Piera, Carlos
e Donante
942 ## - ELEMENTOS DE ENTRADA SECUNDARIOS (KOHA)
Fuente del sistema de clasificación o colocación Clasificación decimal universal
Tipo de ítem Koha Libro impreso
Holdings
Estatus retirado Estado de pérdida Fuente del sistema de clasificación o colocación Estado de daño No para préstamo Biblioteca de origen Biblioteca actual Ubicación en estantería Fecha de adquisición Fuente de adquisición Total de préstamos Signatura topográfica completa Código de barras Visto por última vez Precio de reemplazo Tipo de ítem Koha
    Clasificación decimal universal     Biblioteca del Ateneo de Madrid Biblioteca del Ateneo de Madrid Depósito 1 29/04/2022 Donación   A-14942 1202901 23/02/2023 23/02/2023 Libro impreso